000 00280nam a2200109 4500
008 160630b xxu||||| |||| 00| 0 eng d
100 _91537
_a NCERT
245 _aWell Done Guide English - X
260 _aN.D
_bArya
_c2003
300 _aWell Done Guide English - X
942 _2ddc
_cBK
999 _c1269
_d1269